000
00249nam a2200109Ia 4500
008
190216s9999||||xx |||||||||||||| ||und||
100
_a
Sinnat Dan
245
0
_a
Janithaka Thathwangal
260
_b
Kerala Basha Inst
650
_a
Botany
942
_c
BK
999
_c
37979
_d
37979